Environmental science toward a Sustainable Future (Record no. 186020)

MARC details
000 -LEADER
fixed length control field 00521nam a2200205Ia 4500
008 - FIXED-LENGTH DATA ELEMENTS--GENERAL INFORMATION
fixed length control field 240823s9999||||xx |||||||||||||| ||und||
020 ## - INTERNATIONAL STANDARD BOOK NUMBER
International Standard Book Number 978-81-203-4129-6
082 ## - DEWEY DECIMAL CLASSIFICATION NUMBER
-- 628 Q1
100 ## - MAIN ENTRY--PERSONAL NAME
Personal name Richard T Wright
245 #0 - TITLE STATEMENT
Title Environmental science toward a Sustainable Future
250 ## - EDITION STATEMENT
Edition statement 11th
260 ## - PUBLICATION, DISTRIBUTION, ETC. (IMPRINT)
Date of publication, distribution, etc 2011
Name of publisher, distributor, etc #VALUE!
500 ## - GENERAL NOTE
General note TRANSFERED
650 ## - SUBJECT ADDED ENTRY--TOPICAL TERM
Topical term or geographic name as entry element Environment
700 ## - ADDED ENTRY--PERSONAL NAME
Personal name Dorothy F Boorac
942 ## - ADDED ENTRY ELEMENTS (KOHA)
Item type Books
Holdings
Withdrawn status Lost status Damaged status Permanent location Current location Shelving location Date acquired Source of acquisition Cost, normal purchase price Full call number Barcode Date last seen Koha item type
      CENTRAL LIBRARY, NOORUL ISLAM CENTRE FOR HIGHER EDUCATION CENTRAL LIBRARY, NOORUL ISLAM CENTRE FOR HIGHER EDUCATION   10/26/2010 Global Book Syndicate 650.00 628 Q1 38685 08/23/2024 Books
Visitors:
Copyright © 2024 Central Library NICHE.  All rights reserved.